|
|
|
|
| LEADER |
01684cas a2200241 a 4500 |
| 001 |
AALejournalIMF011990 |
| 008 |
230101c9999 xx r poo 0 0eng d |
| 020 |
|
|
|c 5.00 USD
|
| 020 |
|
|
|z 9781475506181
|
| 022 |
|
|
|a 1934-7685
|
| 040 |
|
|
|a BD-DhAAL
|c BD-DhAAL
|
| 110 |
2 |
|
|a International Monetary Fund.
|
| 245 |
1 |
0 |
|a Czech Republic :
|b Detailed Assessment of Observance of Basel Core Principles for Effective Banking Supervision.
|
| 264 |
|
1 |
|a Washington, D.C. :
|b International Monetary Fund,
|c 2012.
|
| 300 |
|
|
|a 1 online resource (101 pages)
|
| 490 |
1 |
|
|a IMF Staff Country Reports
|
| 500 |
|
|
|a <strong>Off-Campus Access:</strong> No User ID or Password Required
|
| 500 |
|
|
|a <strong>On-Campus Access:</strong> No User ID or Password Required
|
| 506 |
|
|
|a Electronic access restricted to authorized BRAC University faculty, staff and students
|
| 520 |
3 |
|
|a This paper presents detailed assessment of the Czech Republic's compliance with Basel Core Principles (BCPs) for effective banking supervision. Many earlier weaknesses have been addressed, either through domestic measures or by implementing European Union-wide rules and regulations. An overarching weakness is the insufficiency of staff resources for supervision. The nonfinancial corporate sector's financial indicators are relatively sound, but the macroeconomic uncertainty weighs on the prospects. Property prices have substantially declined since 2008 reflecting subdued demand.
|
| 538 |
|
|
|a Mode of access: Internet
|
| 830 |
|
0 |
|a IMF Staff Country Reports; Country Report ;
|v No. 2012/172
|
| 856 |
4 |
0 |
|z Full text available on IMF
|u http://elibrary.imf.org/view/journals/002/2012/172/002.2012.issue-172-en.xml
|z IMF e-Library
|